000
00272nam a22001097a 4500
082
_a
332.1INS
100
_a
R . J CLARK,FBI
245
_a
BRITISH BANKING:CHANGES AND CHALLENGES
260
_a
LONDON
_b
THE INSTITUTE OF BANKERS
_c
1968
300
_a
46p.
_b
ill;21cm
942
_c
BK
999
_c
19823
_d
19823